| LEADER | 00801nam a2200205 a 4500 | ||
|---|---|---|---|
| 001 | GR-MES3505 | ||
| 008 | 991111s1994 gr 000 0 gre d | ||
| 020 | |a 9604053671 | ||
| 040 | |a GrPaTEI |b gre |c GR-PaULI | ||
| 245 | 0 | 0 | |a Ηχοτεχνία |n 1ος. |
| 260 | |a Αθήνα : |b Ίων, |c 1994 | ||
| 300 | |a 335σελ. : |b εικ. | ||
| 500 | |a βιβλιογραφία: σελ(333-335) | ||
| 650 | 4 | |a ΗΧΟΤΕΧΝΙΑ | |
| 700 | 1 | |a Κουλούρης, Κωνσταντίνος | |
| 700 | 1 | |a Πετρίδης, Αντώνης | |
| 942 | |2 ddc | ||
| 952 | |0 0 |1 0 |2 ddc |4 0 |6 620_200000000000000_ΚΟΥ |7 0 |9 268099 |a MSLG |b MSLG |c BSC |d 2021-01-17 |e 24 |f 0 |g 0.00 |l 0 |o 620.2 ΚΟΥ |p 2420000007459 |r 2021-01-17 00:00:00 |t 1 |w 2021-01-17 |y BK15 |x 19991111 0 1 |x GrPaTEI | ||
| 971 | |a .b25745505 |b 16-04-20 |c 13-09-16 | ||
| 999 | |c 154426 |d 154426 | ||